Concentrate Q & A Criminal Law (Record no. 4603)
[ view plain ]
| 000 -LEADER | |
|---|---|
| fixed length control field | 00453nam a22001577a 4500 |
| 005 - DATE AND TIME OF LATEST TRANSACTION | |
| control field | 20250308163041.0 |
| 008 - FIXED-LENGTH DATA ELEMENTS--GENERAL INFORMATION | |
| fixed length control field | 250308b |||||||| |||| 00| 0 eng d |
| 020 ## - INTERNATIONAL STANDARD BOOK NUMBER | |
| International Standard Book Number | 9780198745204 |
| 050 ## - LIBRARY OF CONGRESS CALL NUMBER | |
| Classification number | KD7869 |
| Item number | .A5 2016 |
| 100 ## - MAIN ENTRY--PERSONAL NAME | |
| Personal name | Allen, Micha |
| 245 ## - TITLE STATEMENT | |
| Title | Concentrate Q & A Criminal Law |
| Statement of responsibility, etc. | Allen, Micha |
| 260 ## - PUBLICATION, DISTRIBUTION, ETC. | |
| Place of publication, distribution, etc. | Oxford ; |
| Name of publisher, distributor, etc. | Oxford University Press, |
| Date of publication, distribution, etc. | c2016 |
| 300 ## - PHYSICAL DESCRIPTION | |
| Extent | xiv, 219 p. ; |
| 500 ## - GENERAL NOTE | |
| General note | Contains Table of Statutes, index |
| 942 ## - ADDED ENTRY ELEMENTS (KOHA) | |
| Source of classification or shelving scheme | Library of Congress Classification |
| Koha item type | Books |
| Suppress in OPAC | No |
| 999 ## - | |
| -- | 4603 |
| -- | 4603 |
| Withdrawn status | Lost status | Source of classification or shelving scheme | Damaged status | Not for loan | Collection | Home library | Current library | Shelving location | Date acquired | Total checkouts | Full call number | Barcode | Date last seen | Copy number | Price effective from | Koha item type |
|---|---|---|---|---|---|---|---|---|---|---|---|---|---|---|---|---|
| Library of Congress Classification | Non-fiction | Law Library (Christ Temple) | Law Library (Christ Temple) | General stacks | 03/08/2025 | KD7869.A5 ALL | LLCT00000450 | 03/08/2025 | 1 | 03/08/2025 | Books |